Normal view
MARC view
Entry Personal Name
001 - CONTROL NUMBER
- control field: 1133265
003 - CONTROL NUMBER IDENTIFIER
- control field: OSt
005 - DATE AND TIME OF LATEST TRANSACTION
- control field: 20260320195832.0
008 - FIXED-LENGTH DATA ELEMENTS
- fixed length control field: 260320|| aca||aabn | a|a d
040 ## - CATALOGING SOURCE
- Original cataloging agency: OSt
- Transcribing agency: OSt
100 ## - HEADING--PERSONAL NAME
- Personal name: रेखा सेठी
670 ## - SOURCE DATA FOUND
- Source citation: Work cat.: (OSt)1716756: रेखा सेठी, स्त्री कविता : पक्ष और परिप्रेक्षा—1
